[Event "Superfinal Championship 2022 Women"]
[Site "Cheboksary"]
[Date "2022.09.11"]
[Round "1.5"]
[White "Girya, Olga"]
[Black "Galliamova, Alisa"]
[Result "1/2-1/2"]
[BlackElo "2421"]
[WhiteElo "2395"]
[LiveChessVersion "1.4.8"]

1. d4 {[%clk 1:30:57]} d5 {[%clk 1:30:53]} 2. c4 {[%clk 1:31:21]} e6
{[%clk 1:31:18]} 3. Nc3 {[%clk 1:31:35]} Nf6 {[%clk 1:31:32]} 4. cxd5
{[%clk 1:31:31]} exd5 {[%clk 1:31:54]} 5. Bg5 {[%clk 1:31:55]} c6
{[%clk 1:31:50]} 6. Qc2 {[%clk 1:31:34]} Nbd7 {[%clk 1:22:59]} 7. Nf3
{[%clk 1:29:45]} Be7 {[%clk 1:22:52]} 8. e3 {[%clk 1:30:05]} O-O {[%clk 1:21:20]}
9. Bd3 {[%clk 1:29:29]} h6 {[%clk 1:19:44]} 10. Bh4 {[%clk 1:23:01]} Re8
{[%clk 1:19:24]} 11. O-O {[%clk 1:23:19]} Ne4 {[%clk 1:18:55]} 12. Bxe4
{[%clk 1:23:35]} Bxh4 {[%clk 1:19:09]} 13. Bh7+ {[%clk 1:23:59]} Kh8
{[%clk 1:19:23]} 14. Nxh4 {[%clk 1:24:12]} Qxh4 {[%clk 1:19:43]} 15. Bd3
{[%clk 1:24:37]} Qe7 {[%clk 1:10:02]} 16. Rae1 {[%clk 1:10:16]} Nf6
{[%clk 1:06:57]} 17. f3 {[%clk 1:08:59]} Be6 {[%clk 0:55:23]} 18. a3
{[%clk 1:03:57]} b6 {[%clk 0:47:46]} 19. Qf2 {[%clk 0:48:01]} c5 {[%clk 0:40:11]}
20. g4 {[%clk 0:46:34]} a6 {[%clk 0:24:32]} 21. h3 {[%clk 0:32:45]} Kg8
{[%clk 0:15:41]} 22. Kh1 {[%clk 0:29:33]} Ra7 {[%clk 0:09:55]} 23. Rg1
{[%clk 0:29:30]} g6 {[%clk 0:09:24]} 24. Bb1 {[%clk 0:18:59]} Kg7
{[%clk 0:08:01]} 25. Ne2 {[%clk 0:17:31]} Qd8 {[%clk 0:05:38]} 26. Nf4
{[%clk 0:15:19]} c4 {[%clk 0:01:56]} 27. e4 {[%clk 0:12:06]} dxe4
{[%clk 0:01:58]} 28. fxe4 {[%clk 0:12:29]} Bc8 {[%clk 0:02:04]} 29. e5
{[%clk 0:06:21]} Bb7+ {[%clk 0:02:13]} 30. Kh2 {[%clk 0:06:50]} Nd5
{[%clk 0:02:22]} 31. Rgf1 {[%clk 0:00:55]} Nxf4 {[%clk 0:02:31]} 32. Qxf4
{[%clk 0:01:24]} Bd5 {[%clk 0:02:34]} 33. Qf6+ {[%clk 0:00:46]} Kg8
{[%clk 0:01:26]} 34. Qxd8 {[%clk 0:00:36]} Rxd8 {[%clk 0:01:52]} 35. Rf6
{[%clk 0:00:40]} Be6 {[%clk 0:00:40]} 36. Bxg6 {[%clk 0:00:56]} Rxd4
{[%clk 0:00:52]} 37. Re2 {[%clk 0:01:09]} Kg7 {[%clk 0:00:43]} 38. Bf5
{[%clk 0:00:41]} Re7 {[%clk 0:00:59]} 39. Rf2 {[%clk 0:00:39]} Rd5
{[%clk 0:00:46]} 40. Bxe6 {[%clk 0:30:38]} fxe6 {[%clk 0:31:03]} 41. R6f4
{[%clk 0:18:46]} b5 {[%clk 0:30:28]} 42. Re2 {[%clk 0:19:06]} Rf7
{[%clk 0:25:34]} 43. Rxf7+ {[%clk 0:16:43]} Kxf7 {[%clk 0:25:58]} 44. h4
{[%clk 0:16:52]} Kg6 {[%clk 0:19:29]} 45. a4 {[%clk 0:02:31]} b4 {[%clk 0:04:02]}
46. Rc2 {[%clk 0:01:54]} Rc5 {[%clk 0:02:46]} 47. Kg2 {[%clk 0:01:12]} c3
{[%clk 0:01:47]} 48. bxc3 {[%clk 0:01:29]} Rxc3 {[%clk 0:00:44]} 49. Rf2
{[%clk 0:00:59]} Kg7 {[%clk 0:00:41]} 50. Rd2 {[%clk 0:00:56]} b3
{[%clk 0:00:44]} 51. Rd7+ {[%clk 0:01:13]} Kf8 {[%clk 0:00:47]} 52. Rb7
{[%clk 0:01:14]} a5 {[%clk 0:00:56]} 53. g5 {[%clk 0:01:16]} hxg5
{[%clk 0:01:07]} 54. hxg5 {[%clk 0:01:45]} Rc4 {[%clk 0:00:39]} 55. Rxb3
{[%clk 0:02:04]} Rxa4 {[%clk 0:00:59]} 56. Rb6 {[%clk 0:01:38]} Kf7
{[%clk 0:01:02]} 57. Kf3 {[%clk 0:01:46]} Kg6 {[%clk 0:01:02]} 58. Ke4
{[%clk 0:00:19]} 1/2-1/2

[Event "Superfinal Championship 2022 Women"]
[Site "Cheboksary"]
[Date "2022.09.13"]
[Round "3.4"]
[White "Girya, Olga"]
[Black "Yakimova, Mariya"]
[Result "1-0"]
[BlackElo "2252"]
[WhiteElo "2395"]
[LiveChessVersion "1.4.8"]

1. d4 {[%clk 1:30:58]} Nf6 {[%clk 1:30:55]} 2. c4 {[%clk 1:31:24]} e6
{[%clk 1:31:21]} 3. Nc3 {[%clk 1:31:49]} Bb4 {[%clk 1:31:47]} 4. e3
{[%clk 1:32:15]} O-O {[%clk 1:32:08]} 5. Bd3 {[%clk 1:32:41]} Re8
{[%clk 1:32:30]} 6. Nge2 {[%clk 1:32:34]} d5 {[%clk 1:31:22]} 7. O-O
{[%clk 1:32:58]} b6 {[%clk 1:24:33]} 8. e4 {[%clk 1:19:55]} c5 {[%clk 1:04:55]}
9. cxd5 {[%clk 1:11:00]} cxd4 {[%clk 0:52:22]} 10. Nxd4 {[%clk 1:10:16]} Bxc3
{[%clk 0:44:07]} 11. bxc3 {[%clk 1:10:37]} exd5 {[%clk 0:44:28]} 12. e5
{[%clk 1:04:10]} Rxe5 {[%clk 0:23:47]} 13. Bf4 {[%clk 1:04:06]} Re8
{[%clk 0:23:50]} 14. Bxb8 {[%clk 0:59:11]} Rxb8 {[%clk 0:24:16]} 15. Nc6
{[%clk 0:59:19]} Qd6 {[%clk 0:24:40]} 16. Nxb8 {[%clk 0:59:44]} Ng4
{[%clk 0:22:42]} 17. g3 {[%clk 0:51:05]} Qxb8 {[%clk 0:22:59]} 18. Re1
{[%clk 0:50:26]} Rd8 {[%clk 0:19:05]} 19. Qa4 {[%clk 0:39:36]} Nf6
{[%clk 0:16:58]} 20. Re7 {[%clk 0:34:59]} a5 {[%clk 0:15:10]} 21. Rb1
{[%clk 0:25:09]} Be6 {[%clk 0:11:17]} 22. Qc6 {[%clk 0:16:34]} Nd7
{[%clk 0:11:13]} 23. Rxe6 {[%clk 0:12:59]} fxe6 {[%clk 0:11:36]} 24. Qxe6+
{[%clk 0:13:26]} Kh8 {[%clk 0:11:55]} 25. Bf1 {[%clk 0:12:25]} h6
{[%clk 0:06:29]} 26. Bg2 {[%clk 0:11:20]} Nf6 {[%clk 0:06:08]} 27. Qxb6
{[%clk 0:08:26]} Qxb6 {[%clk 0:06:31]} 28. Rxb6 {[%clk 0:08:52]} Rc8
{[%clk 0:06:13]} 29. Rb5 {[%clk 0:05:24]} a4 {[%clk 0:05:22]} 30. Ra5
{[%clk 0:05:33]} Rxc3 {[%clk 0:05:03]} 31. Rxa4 {[%clk 0:05:54]} Kh7
{[%clk 0:04:25]} 32. h4 {[%clk 0:03:16]} Rc1+ {[%clk 0:02:52]} 33. Bf1
{[%clk 0:03:42]} Rd1 {[%clk 0:01:55]} 34. f3 {[%clk 0:02:10]} Rd2
{[%clk 0:01:26]} 35. Bh3 {[%clk 0:01:53]} Kg6 {[%clk 0:01:03]} 36. Ra6
{[%clk 0:01:36]} d4 {[%clk 0:00:57]} 37. a4 {[%clk 0:01:22]} Kf7 {[%clk 0:00:37]}
38. Ra7+ {[%clk 0:01:05]} Kf8 {[%clk 0:00:45]} 39. Bf5 {[%clk 0:01:12]} Nh5
{[%clk 0:00:52]} 40. Bg6 {[%clk 0:31:01]} Nxg3 {[%clk 0:30:59]} 41. a5
{[%clk 0:26:15]} d3 {[%clk 0:10:39]} 42. a6 {[%clk 0:25:07]} Rd1+
{[%clk 0:10:22]} 43. Kg2 {[%clk 0:23:26]} d2 {[%clk 0:04:18]} 44. Rd7
{[%clk 0:18:52]} Ne2 {[%clk 0:02:52]} 45. a7 {[%clk 0:16:58]} Ra1
{[%clk 0:02:42]} 46. Bc2 {[%clk 0:09:24]} Nc3 {[%clk 0:00:35]} 47. Rd8+
{[%clk 0:09:32]} Ke7 {[%clk 0:01:00]} 48. a8=Q {[%clk 0:09:57]} Rxa8
{[%clk 0:01:24]} 49. Rxa8 {[%clk 0:10:24]} d1=Q {[%clk 0:01:46]} 50. Bxd1
{[%clk 0:10:51]} Nxd1 {[%clk 0:02:13]} 51. Ra3 {[%clk 0:10:27]} Nb2
{[%clk 0:02:23]} 52. Rc3 {[%clk 0:10:23]} Na4 {[%clk 0:01:47]} 53. Rc7+
{[%clk 0:10:37]} Kf8 {[%clk 0:00:49]} 54. Rc6 {[%clk 0:08:57]} Nb2
{[%clk 0:01:11]} 55. f4 {[%clk 0:07:58]} Nd3 {[%clk 0:01:03]} 56. Kf3
{[%clk 0:08:22]} Nb4 {[%clk 0:01:23]} 57. Rc8+ {[%clk 0:08:31]} Kf7
{[%clk 0:01:24]} 58. Ke4 {[%clk 0:08:56]} Kg6 {[%clk 0:01:51]} 59. Rc4
{[%clk 0:06:57]} Na2 {[%clk 0:02:17]} 60. Rc2 {[%clk 0:05:29]} 1-0

[Event "Superfinal Championship 2022 Women"]
[Site "Cheboksary"]
[Date "2022.09.13"]
[Round "3.6"]
[White "Bivol, Alina"]
[Black "Galliamova, Alisa"]
[Result "1/2-1/2"]
[BlackElo "2421"]
[WhiteElo "2366"]
[LiveChessVersion "1.4.8"]

1. d4 {[%clk 1:30:45]} Nf6 {[%clk 1:30:30]} 2. Nf3 {[%clk 1:31:03]} e6
{[%clk 1:30:20]} 3. Bf4 {[%clk 1:30:44]} Be7 {[%clk 1:23:39]} 4. e3
{[%clk 1:29:38]} Nh5 {[%clk 1:20:19]} 5. Bg3 {[%clk 1:29:03]} Nxg3
{[%clk 1:18:44]} 6. hxg3 {[%clk 1:29:27]} d6 {[%clk 1:18:30]} 7. Bd3
{[%clk 1:27:56]} Nd7 {[%clk 1:16:54]} 8. c3 {[%clk 1:26:32]} e5 {[%clk 1:08:05]}
9. Nbd2 {[%clk 1:25:34]} c6 {[%clk 1:06:12]} 10. Qc2 {[%clk 1:23:42]} g6
{[%clk 1:06:16]} 11. O-O-O {[%clk 1:20:36]} Qc7 {[%clk 1:06:14]} 12. c4
{[%clk 1:06:27]} Nf6 {[%clk 1:04:00]} 13. c5 {[%clk 0:51:22]} dxc5
{[%clk 0:50:06]} 14. dxe5 {[%clk 0:39:36]} Ng4 {[%clk 0:49:12]} 15. Ne4
{[%clk 0:36:28]} Be6 {[%clk 0:30:22]} 16. Nd6+ {[%clk 0:29:37]} Bxd6
{[%clk 0:27:13]} 17. exd6 {[%clk 0:29:21]} Qa5 {[%clk 0:26:36]} 18. Bc4
{[%clk 0:19:34]} O-O-O {[%clk 0:24:12]} 19. Bxe6+ {[%clk 0:17:54]} fxe6
{[%clk 0:24:36]} 20. a3 {[%clk 0:17:56]} Rd7 {[%clk 0:23:28]} 21. Rh4
{[%clk 0:16:33]} h5 {[%clk 0:20:28]} 22. Qxg6 {[%clk 0:14:56]} c4
{[%clk 0:19:07]} 23. Qxe6 {[%clk 0:11:46]} c3 {[%clk 0:16:22]} 24. Rxg4
{[%clk 0:10:34]} cxb2+ {[%clk 0:15:22]} 25. Kxb2 {[%clk 0:08:52]} hxg4
{[%clk 0:15:14]} 26. Ne5 {[%clk 0:09:10]} Qb5+ {[%clk 0:14:28]} 27. Ka1
{[%clk 0:08:24]} Qa4 {[%clk 0:08:43]} 28. Qxd7+ {[%clk 0:04:54]} Kb8
{[%clk 0:09:09]} 29. Qc7+ {[%clk 0:01:27]} Ka8 {[%clk 0:09:33]} 30. Kb2
{[%clk 0:00:42]} Qxd1 {[%clk 0:02:25]} 31. d7 {[%clk 0:01:03]} Qd2+
{[%clk 0:02:00]} 32. Kb3 {[%clk 0:01:19]} Rb8 {[%clk 0:01:38]} 33. Nc4
{[%clk 0:01:12]} Qd1+ {[%clk 0:00:39]} 34. Kc3 {[%clk 0:01:31]} Qc1+
{[%clk 0:00:42]} 35. Kd3 {[%clk 0:01:21]} Qf1+ {[%clk 0:00:46]} 36. Kd4
{[%clk 0:01:09]} Qd1+ {[%clk 0:01:09]} 37. Kc3 {[%clk 0:01:15]} Qc1+
{[%clk 0:01:16]} 38. Kb3 {[%clk 0:00:57]} Qd1+ {[%clk 0:01:19]} 39. Kb2
{[%clk 0:00:49]} Qe2+ {[%clk 0:01:16]} 40. Kc3 {[%clk 0:31:09]} Qe1+
{[%clk 0:31:21]} 41. Kc2 {[%clk 0:21:50]} Qxf2+ {[%clk 0:29:11]} 42. Kb3
{[%clk 0:21:56]} Qf6 {[%clk 0:27:13]} 43. e4 {[%clk 0:22:03]} Qd4
{[%clk 0:20:12]} 44. e5 {[%clk 0:19:19]} Qd1+ {[%clk 0:13:10]} 45. Kc3
{[%clk 0:16:28]} Qc1+ {[%clk 0:11:03]} 46. Kd4 {[%clk 0:11:57]} Qd1+
{[%clk 0:08:43]} 47. Kc3 {[%clk 0:12:22]} Qc1+ {[%clk 0:08:58]} 48. Kd3
{[%clk 0:11:36]} Qf1+ {[%clk 0:08:25]} 49. Ke3 {[%clk 0:11:15]} Qe1+
{[%clk 0:01:26]} 50. Kd4 {[%clk 0:07:01]} Qd1+ {[%clk 0:01:50]} 51. Ke4 1/2-1/2

[Event "Superfinal Championship 2022 Women"]
[Site "Cheboksary"]
[Date "2022.09.16"]
[Round "6.6"]
[White "Gunina, Valentina"]
[Black "Sjugirov, Yana"]
[Result "1-0"]
[BlackElo "2205"]
[WhiteElo "2469"]
[LiveChessVersion "1.4.8"]

1. d4 {[%clk 1:30:57]} d5 {[%clk 1:30:52]} 2. c4 {[%clk 1:31:22]} e6
{[%clk 1:31:12]} 3. Nf3 {[%clk 1:31:34]} Nf6 {[%clk 1:31:33]} 4. Nc3
{[%clk 1:31:57]} Be7 {[%clk 1:31:40]} 5. Bf4 {[%clk 1:31:52]} O-O
{[%clk 1:31:43]} 6. e3 {[%clk 1:31:52]} Nbd7 {[%clk 1:31:40]} 7. c5
{[%clk 1:31:30]} Nh5 {[%clk 1:30:47]} 8. Bd3 {[%clk 1:31:15]} Nxf4
{[%clk 1:30:52]} 9. exf4 {[%clk 1:31:38]} b6 {[%clk 1:31:06]} 10. c6
{[%clk 1:31:52]} Nb8 {[%clk 1:30:30]} 11. Ne5 {[%clk 1:32:07]} Bd6
{[%clk 1:29:01]} 12. a3 {[%clk 1:32:28]} g6 {[%clk 1:20:27]} 13. h4
{[%clk 1:29:18]} f6 {[%clk 1:20:04]} 14. h5 {[%clk 1:25:14]} g5 {[%clk 1:14:50]}
15. Qc2 {[%clk 1:12:16]} fxe5 {[%clk 1:02:57]} 16. fxe5 {[%clk 1:11:16]} Bxe5
{[%clk 0:54:15]} 17. Bxh7+ {[%clk 1:07:35]} Kh8 {[%clk 0:54:35]} 18. dxe5
{[%clk 1:07:59]} Nxc6 {[%clk 0:54:51]} 19. O-O-O {[%clk 1:07:03]} Nxe5
{[%clk 0:54:32]} 20. Bg6 {[%clk 1:00:35]} Qf6 {[%clk 0:52:22]} 21. Rde1
{[%clk 1:00:23]} Ba6 {[%clk 0:51:46]} 22. Rh3 {[%clk 1:00:04]} d4
{[%clk 0:39:53]} 23. Ne4 {[%clk 0:59:46]} Qf4+ {[%clk 0:40:04]} 24. Kb1
{[%clk 1:00:07]} c5 {[%clk 0:34:45]} 25. Nxc5 {[%clk 0:49:56]} bxc5
{[%clk 0:29:46]} 26. Qxc5 {[%clk 0:48:52]} Rab8 {[%clk 0:20:41]} 27. Qxa7
{[%clk 0:36:29]} Bb7 {[%clk 0:19:36]} 28. Ka1 {[%clk 0:26:53]} Qd2
{[%clk 0:14:36]} 29. Rb1 {[%clk 0:22:50]} Nc6 {[%clk 0:14:00]} 30. Qc5
{[%clk 0:23:00]} Qa5 {[%clk 0:13:22]} 31. Qc2 {[%clk 0:20:04]} Rbc8
{[%clk 0:12:59]} 32. Qb3 {[%clk 0:19:06]} Nd8 {[%clk 0:12:15]} 33. Rg3
{[%clk 0:17:59]} Rxf2 {[%clk 0:10:54]} 34. Qd1 {[%clk 0:10:53]} Qe5
{[%clk 0:10:25]} 35. h6 {[%clk 0:08:41]} Bd5 {[%clk 0:08:16]} 36. Rd3
{[%clk 0:03:09]} Nc6 {[%clk 0:08:26]} 37. Rc1 {[%clk 0:02:33]} Rb8
{[%clk 0:07:56]} 38. Rd2 {[%clk 0:02:37]} Rxd2 {[%clk 0:07:24]} 39. Qxd2
{[%clk 0:03:06]} Qe3 {[%clk 0:07:32]} 40. Qc2 {[%clk 0:32:19]} Rf8
{[%clk 0:31:41]} 41. Qc5 {[%clk 0:30:33]} Rf2 {[%clk 0:29:39]} 42. Bb1
{[%clk 0:29:54]} Qf4 {[%clk 0:23:48]} 43. g3 {[%clk 0:21:13]} Qb8
{[%clk 0:18:58]} 44. Rc2 {[%clk 0:19:02]} Rf1 {[%clk 0:18:34]} 45. Rc1
{[%clk 0:19:19]} Rf6 {[%clk 0:18:12]} 46. Ba2 {[%clk 0:18:45]} Rf2
{[%clk 0:11:15]} 47. Rb1 {[%clk 0:18:25]} Qf8 {[%clk 0:10:12]} 48. Qb5
{[%clk 0:15:41]} Ne7 {[%clk 0:06:40]} 49. Rc1 {[%clk 0:14:19]} Rf5
{[%clk 0:05:07]} 50. g4 {[%clk 0:14:13]} Rf6 {[%clk 0:03:05]} 51. Bxd5
{[%clk 0:13:47]} Nxd5 {[%clk 0:03:24]} 52. Qd7 {[%clk 0:14:01]} Qe7
{[%clk 0:03:09]} 53. Qa4 {[%clk 0:13:39]} Rxh6 {[%clk 0:01:55]} 54. Qxd4+
{[%clk 0:14:03]} Qf6 {[%clk 0:01:43]} 55. Qa7 {[%clk 0:13:28]} Qe7
{[%clk 0:01:55]} 56. Qb8+ {[%clk 0:13:41]} Kg7 {[%clk 0:02:08]} 57. Rc8
{[%clk 0:13:45]} Qf7 {[%clk 0:01:53]} 58. Ka2 {[%clk 0:11:33]} Rh1
{[%clk 0:01:49]} 59. a4 {[%clk 0:07:35]} Qe7 {[%clk 0:00:51]} 60. Re8
{[%clk 0:06:28]} Qf7 {[%clk 0:00:38]} 61. Qe5+ {[%clk 0:06:39]} Qf6
{[%clk 0:00:59]} 62. Rxe6 {[%clk 0:06:55]} Qxe5 {[%clk 0:01:06]} 63. Rxe5
{[%clk 0:07:19]} Nf6 {[%clk 0:00:47]} 64. Rxg5+ {[%clk 0:07:43]} Kf7
{[%clk 0:01:14]} 65. a5 {[%clk 0:08:06]} Rh8 {[%clk 0:01:13]} 66. b4
{[%clk 0:08:17]} Ke6 {[%clk 0:01:16]} 67. Kb3 {[%clk 0:08:03]} Nd5
{[%clk 0:01:27]} 68. b5 {[%clk 0:06:54]} Kd6 {[%clk 0:00:42]} 69. b6
{[%clk 0:06:18]} Rb8 {[%clk 0:00:34]} 70. Kc4 {[%clk 0:06:12]} Rc8+
{[%clk 0:00:44]} 71. Kd4 {[%clk 0:06:24]} Nf4 {[%clk 0:00:48]} 72. Rf5
{[%clk 0:05:54]} Ne6+ {[%clk 0:01:12]} 73. Kd3 {[%clk 0:06:19]} Rc6
{[%clk 0:00:37]} 74. Rb5 {[%clk 0:05:34]} Rc8 {[%clk 0:00:44]} 75. b7
{[%clk 0:05:30]} Rb8 {[%clk 0:01:02]} 76. a6 {[%clk 0:05:43]} Kc6
{[%clk 0:00:50]} 77. a7 {[%clk 0:05:41]} Rd8+ {[%clk 0:01:02]} 78. Ke4 Kd5+ 1-0

[Event "Superfinal Championship 2022 Women"]
[Site "Cheboksary"]
[Date "2022.09.18"]
[Round "7.1"]
[White "Sjugirov, Yana"]
[Black "Garifullina, Leya"]
[Result "1/2-1/2"]
[BlackElo "2375"]
[WhiteElo "2205"]
[LiveChessVersion "1.4.8"]

1. e4 {[%clk 1:30:57]} c5 {[%clk 1:30:50]} 2. Nf3 {[%clk 1:31:17]} d6
{[%clk 1:31:12]} 3. Bb5+ {[%clk 1:31:33]} Nd7 {[%clk 1:31:27]} 4. Ba4
{[%clk 1:31:48]} Ngf6 {[%clk 1:31:38]} 5. O-O {[%clk 1:32:00]} a6
{[%clk 1:31:37]} 6. c4 {[%clk 1:32:01]} e6 {[%clk 1:31:50]} 7. Nc3
{[%clk 1:32:06]} Be7 {[%clk 1:31:52]} 8. d4 {[%clk 1:31:25]} cxd4
{[%clk 1:32:10]} 9. Qxd4 {[%clk 1:31:42]} O-O {[%clk 1:32:29]} 10. Rd1
{[%clk 1:31:42]} e5 {[%clk 1:32:11]} 11. Qe3 {[%clk 1:31:23]} Qc7
{[%clk 1:32:24]} 12. Bb3 {[%clk 1:25:20]} Nb6 {[%clk 1:31:31]} 13. Nd5
{[%clk 1:19:54]} Nbxd5 {[%clk 1:27:28]} 14. cxd5 {[%clk 1:19:42]} Bd8
{[%clk 1:18:47]} 15. h3 {[%clk 1:12:09]} Qe7 {[%clk 1:12:40]} 16. a4
{[%clk 1:08:16]} Nd7 {[%clk 1:10:14]} 17. a5 {[%clk 1:07:06]} b6 {[%clk 1:08:55]}
18. axb6 {[%clk 1:03:17]} Bxb6 {[%clk 1:06:06]} 19. Qe2 {[%clk 1:03:22]} Rb8
{[%clk 0:54:52]} 20. Bc4 {[%clk 1:01:10]} a5 {[%clk 0:49:21]} 21. Bd2
{[%clk 0:59:14]} Qd8 {[%clk 0:48:49]} 22. b3 {[%clk 0:46:21]} Nc5
{[%clk 0:44:44]} 23. Be3 {[%clk 0:38:05]} f5 {[%clk 0:36:01]} 24. exf5
{[%clk 0:36:59]} Bxf5 {[%clk 0:35:47]} 25. Nd2 {[%clk 0:26:35]} Qf6
{[%clk 0:25:00]} 26. Kh1 {[%clk 0:22:10]} Bg6 {[%clk 0:23:19]} 27. Rf1
{[%clk 0:20:15]} Qd8 {[%clk 0:20:15]} 28. Rfc1 {[%clk 0:12:29]} Rc8
{[%clk 0:16:31]} 29. Qg4 {[%clk 0:11:30]} Bf5 {[%clk 0:16:05]} 30. Qe2
{[%clk 0:09:06]} Kh8 {[%clk 0:12:51]} 31. Bb5 {[%clk 0:08:17]} Rb8
{[%clk 0:11:54]} 32. Rc3 {[%clk 0:07:40]} Bg6 {[%clk 0:10:40]} 33. Rac1
{[%clk 0:06:04]} Ba7 {[%clk 0:08:57]} 34. Bc6 {[%clk 0:05:30]} Qe7
{[%clk 0:07:50]} 35. Ra1 {[%clk 0:03:56]} Qd8 {[%clk 0:07:06]} 36. Rac1
{[%clk 0:03:58]} Qe7 {[%clk 0:04:36]} 37. Ra1 {[%clk 0:04:16]} Bb6
{[%clk 0:03:47]} 38. Nc4 {[%clk 0:03:07]} Ne4 {[%clk 0:03:07]} 39. Nxb6
{[%clk 0:02:54]} Nxc3 {[%clk 0:03:30]} 40. Qb2 {[%clk 0:32:45]} Qc7
{[%clk 0:31:07]} 41. Qxc3 {[%clk 0:29:14]} Rxb6 {[%clk 0:30:03]} 42. Bxb6
{[%clk 0:24:44]} Qxb6 {[%clk 0:30:27]} 43. Qe3 {[%clk 0:14:41]} Qxe3
{[%clk 0:26:59]} 44. fxe3 {[%clk 0:15:05]} Bc2 {[%clk 0:26:14]} 45. Rxa5
{[%clk 0:14:34]} Bxb3 {[%clk 0:25:47]} 46. Kg1 {[%clk 0:13:00]} h5
{[%clk 0:23:57]} 47. h4 {[%clk 0:07:48]} Bc4 48. Ra8 {[%clk 0:08:13]} Rxa8
{[%clk 0:22:30]} 49. Bxa8 {[%clk 0:07:39]} Bd3 {[%clk 0:21:10]} 50. Bc6
{[%clk 0:04:34]} Be4 51. Kf2 g6 {[%clk 0:21:04]} 52. g3 {[%clk 0:04:52]} Kg7
{[%clk 0:21:28]} 53. Ke2 {[%clk 0:05:02]} Kf6 {[%clk 0:21:53]} 54. Kd2
{[%clk 0:05:02]} Bg2 {[%clk 0:20:09]} 55. Ke2 {[%clk 0:04:11]} Be4
{[%clk 0:19:39]} 56. Kf2 {[%clk 0:03:57]} Ke7 {[%clk 0:19:50]} 57. Ke2
{[%clk 0:04:22]} Kd8 {[%clk 0:19:04]} 1/2-1/2

[Event "Superfinal Championship 2022 Women"]
[Site "Cheboksary"]
[Date "2022.09.18"]
[Round "7.3"]
[White "Charochkina, Daria"]
[Black "Goltseva, Ekaterina"]
[Result "1-0"]
[BlackElo "2275"]
[WhiteElo "2348"]
[LiveChessVersion "1.4.8"]

1. d4 {[%clk 1:30:58]} e6 {[%clk 1:30:52]} 2. c4 {[%clk 1:31:22]} Nf6
{[%clk 1:31:10]} 3. Nc3 {[%clk 1:31:40]} Bb4 {[%clk 1:31:37]} 4. e3
{[%clk 1:31:59]} O-O {[%clk 1:31:02]} 5. Bd3 {[%clk 1:32:16]} d5 {[%clk 1:24:21]}
6. cxd5 {[%clk 1:32:02]} exd5 {[%clk 1:24:37]} 7. Nge2 {[%clk 1:32:08]} Re8
{[%clk 1:16:45]} 8. O-O {[%clk 1:31:00]} Bd6 {[%clk 1:12:27]} 9. Bd2
{[%clk 1:27:57]} Ng4 {[%clk 1:01:26]} 10. Nf4 {[%clk 1:17:35]} Bxf4
{[%clk 0:42:21]} 11. exf4 {[%clk 1:17:39]} Nc6 {[%clk 0:40:41]} 12. f5
{[%clk 1:01:48]} Nf6 {[%clk 0:39:42]} 13. Be3 {[%clk 0:51:10]} Ne4
{[%clk 0:28:37]} 14. Qf3 {[%clk 0:50:46]} Qd7 {[%clk 0:17:05]} 15. g4
{[%clk 0:47:00]} Nxc3 {[%clk 0:08:39]} 16. bxc3 {[%clk 0:47:25]} Na5
{[%clk 0:08:51]} 17. Kh1 {[%clk 0:42:30]} Nc4 {[%clk 0:08:18]} 18. Bf4
{[%clk 0:42:44]} Nd6 {[%clk 0:06:51]} 19. Rae1 {[%clk 0:38:53]} Ne4
{[%clk 0:03:47]} 20. c4 {[%clk 0:24:50]} c6 {[%clk 0:04:07]} 21. Qg2
{[%clk 0:25:05]} b5 {[%clk 0:01:41]} 22. c5 {[%clk 0:22:59]} Qd8 {[%clk 0:01:19]}
23. f3 {[%clk 0:21:10]} Nf6 {[%clk 0:01:44]} 24. Be5 {[%clk 0:21:32]} Nd7
{[%clk 0:01:20]} 25. Bc7 {[%clk 0:20:38]} Qxc7 {[%clk 0:01:22]} 26. Rxe8+
{[%clk 0:21:03]} Nf8 {[%clk 0:01:50]} 27. Qg3 {[%clk 0:15:08]} Qd7
{[%clk 0:01:19]} 28. Rfe1 {[%clk 0:15:15]} Bb7 {[%clk 0:01:20]} 29. Rxa8
{[%clk 0:15:13]} Bxa8 {[%clk 0:01:46]} 30. Qb8 {[%clk 0:15:39]} 1-0